000 00571 a2200181 4500
020 _a3540262563
040 _aDLC
_bDLC
082 _a006.3
245 0 0 _aIntelligent data mining : techniques and applications
_btechniques and applications
_cDa Ruan
260 _aBerlin :
_bSpringer,
_cc2005.
300 _aix, 517 p. :
_bill. ;
_c25 cm.
440 0 _aStudies in computational intelligence,
_vv. 5.
500 _aInternat. conference proceedings.
650 0 _aData mining.
650 0 _aComputational intelligence.
700 1 _aRuan, Da.
942 _cBK
_k006.3 RUA
_2ddc
999 _c6812
_d6812